| 000 | 00407cam a2200157ua 4500 | ||
|---|---|---|---|
| 041 |
_aeng _h |
||
| 082 |
_a635 _bHAR/GA |
||
| 100 | _aHerler, Agnes W . | ||
| 245 |
_aGarden in the plains / _cAgnes W Harler. _hTextual Documents |
||
| 250 |
_a1 / _b. |
||
| 260 |
_aLondon : _bGeoffrey Cambridge Oxford Universities Press , _c1948. |
||
| 300 | _a412 ; . | ||
| 504 | _a | ||
| 942 | _cBK | ||
| 999 |
_c5443 _d5443 |
||